=LDR 00000nam 2200000 4500 =001 INLIS000000000020379 =005 20190320100918 =035 ##$$a 0010-061300000020379 =008 190320###########################0###### =041 ##$$a Ind =082 ##$$a 371.27 =090 ##$$a 371.27, Sud p =100 ##$$a Sudiyono, Anas =245 1#$$a Pengantar evaluasi pendidikan, /$c Prof. Dr. Anas Sudijono =260 ##$$a Jakarta,$c 1996 =300 ##$$a xvi, 488 hlm, ; $c 21 cm =650 ##$$a Pendidikan =850 ##$$a NBPNMAT =020 ##$$a 979-421-495-7 =084 ##$$a 371.27 SUD p =990 ##$$a 91779/BPAP-NTB/2014 =990 ##$$a 0001/BPAP-NTB/2016